Automatizované informačné systémy na báze prirodzeného jazyka zborník zo seminára konaného 18.-19. decembra 1975 v Bratislave

Salvato in:
Dettagli Bibliografici
Ente Autore: Automatizované informačné systémy na báze prirodzeného jazyka. Seminár
Natura: Libro
Lingua:slovacco
ceco
Pubblicazione: Bratislava Zväz slovenských knihovníkov a informatikov 1975
Soggetti:
Tags: Aggiungi Tag
Nessun Tag, puoi essere il primo ad aggiungerne!!

MARC

LEADER 00000nam$a2200000$$$4500
001 0092377
005 20240104091608.3
041 0 |a slo 
041 0 |a cze 
044 |a SK 
245 1 0 |a Automatizované informačné systémy na báze prirodzeného jazyka  |b zborník zo seminára konaného 18.-19. decembra 1975 v Bratislave 
264 1 |a Bratislava  |b Zväz slovenských knihovníkov a informatikov  |c 1975 
300 |a 337 s. 
610 2 0 |a systémy informačné 
610 2 0 |a automatizácia 
610 2 0 |a slovníky 
610 2 0 |a informácie 
610 2 0 |a tezaury 
610 2 0 |a spracovanie dát automatické 
110 2 |a Automatizované informačné systémy na báze prirodzeného jazyka. Seminár